| 000 -LEADER |
| fixed length control field |
00720cam a22002298i 4500 |
| 003 - CONTROL NUMBER IDENTIFIER |
| control field |
OSt |
| 005 - DATE AND TIME OF LATEST TRANSACTION |
| control field |
20200518120044.0 |
| 008 - FIXED-LENGTH DATA ELEMENTS--GENERAL INFORMATION |
| fixed length control field |
170221s2018 nyu b 001 0 eng |
| 020 ## - INTERNATIONAL STANDARD BOOK NUMBER |
| International Standard Book Number |
9781138672253 (pbk. : alk. paper) |
| 042 ## - AUTHENTICATION CODE |
| Authentication code |
pcc |
| 082 00 - DEWEY DECIMAL CLASSIFICATION NUMBER |
| Classification number |
720.47PEA |
| Edition number |
23 |
| 100 1# - MAIN ENTRY--PERSONAL NAME |
| Personal name |
Pearce, Annie R., |
| Relator term |
author. |
| 245 10 - TITLE STATEMENT |
| Title |
Sustainable buildings and infrastructure : |
| Remainder of title |
paths to the future / |
| Statement of responsibility, etc |
Annie R. Pearce, Yong Han Ahn and HanmiGlobal. |
| 250 ## - EDITION STATEMENT |
| Edition statement |
2nd edition. |
| 263 ## - PROJECTED PUBLICATION DATE |
| Projected publication date |
1708 |
| 300 ## - PHYSICAL DESCRIPTION |
| Extent |
pages cm |
| 504 ## - BIBLIOGRAPHY, ETC. NOTE |
| Bibliography, etc |
Includes bibliographical references and index. |
| 650 #0 - SUBJECT ADDED ENTRY--TOPICAL TERM |
| Topical term or geographic name as entry element |
Sustainable construction. |
| 700 1# - ADDED ENTRY--PERSONAL NAME |
| Personal name |
Ahn, Yong Han, |
| Relator term |
author. |
| 710 2# - ADDED ENTRY--CORPORATE NAME |
| Corporate name or jurisdiction name as entry element |
Hanmi Kŭllobŏl Chusik Hoesa, |
| Relator term |
author. |
| 942 ## - ADDED ENTRY ELEMENTS (KOHA) |
| Source of classification or shelving scheme |
|